000 00644nam a2200193 i 4500
001 71768
003 ES-MaACL
007 t|
008 040818s1954 sp ||||1| spa d
100 1 _aGheorghiu, Constantin Virgil.
_956560
245 1 3 _aLa segunda oportunidad /
_cC. Virgil Gheorghiu ; [versión española de Alberto Vilá de Avilés].
260 _aBarcelona :
_bLuis de Caralt,
_c[1954] (
_fImp. Escuela de la Casa Provincial de Caridad)
300 _a420 p. ;
_c21 cm.
490 1 _aGigante
700 1 _aVila de Avilés, Alberto.
_9114719
830 0 _aGigante
_9181050
852 _aES-MaACL
_jC-8765
_bR.36647
999 _c71768
_d71768